Biblioteca

El padre eficaz / Gordon MacDonald ; Eliseo Vila, Traductor (Registro nro. 32571)

Detalles MARC
000 -LÍDER
Campo fijo de descripción fija 010560000a22002170004500
020 ## - NÚMERO INTERNACIONAL NORMALIZADO PARA LIBROS
Número Internacional Normalizado del libro 84-7228-695-9
041 0# - CÓDIGO DE IDIOMA
Código de idioma para texto/pista de sonido o título separado
082 04 - NÚMERO DE CLASIFICACIÓN DECIMAL DEWEY
Número de clasificación G 173 M1351p
001 - NÚMERO DE CONTROL
Campo de control 1248
100 1# - ASIENTO PRINCIPAL--NOMBRE PERSONAL
Nombre personal MacDonald, Gordon (1939-)
245 10 - TÍTULO
Título del Material El padre eficaz / Gordon MacDonald ; Eliseo Vila, Traductor
260 ## - PUBLICACIÓN, DISTRIBUCIÓN, ETC. (PIE DE IMPRENTA)
Lugar de publicación, distribución, etc. Terrassa, Barcelona, España : CLIE
300 ## - DESCRIPCIÓN FÍSICA
Extensión 222 Pag.
336 ## - CONTENT TYPE
Content type term texto
Content type code txt
Source rdacontent
337 ## - MEDIA TYPE
Source rdamedia
Media type term sin mediación
Media type code n
338 ## - CARRIER TYPE
Source rdacarrier
Carrier type term volumen
Carrier type code nc
500 ## - NOTA GENERAL
Nota General Título original : The effective father
505 00 - NOTA DE CONTENIDO
Nota de contenido con formato preestablecido "una falta muy humana" -- "no es una guerra falsa" -- yo acepto el mandato -- ¿hay que pagar algún precio -- marcando el paso: marcando el compás -- una fuente de vida -- no se ha perdido el día -- frágil: manejar con cuidado -- ípredicando con el ejemplo! -- cuando el otro teléfono comunica -- cuando hay rápidos en la corriente -- edificando una gran catedral -- mostrando lo que se siente -- horas amargas. el padre inefectivo
650 14 - ASIENTO SECUNDARIO DE MATERIA - TERMINO TEMÁTICO
Término temático o nombre geográfico como elemento de entrada PADRES E HIJOS \ PADRES - VIDA RELIGIOSA
942 ## - TIPO DE MATERIAL (KOHA)
Tipo de Item KOHA Libros General
Existencias
Estado de Material Estado de Perdido Estado de Dañado No para Préstamo Colección Tomo Biblioteca de Origen Biblioteca Permanente Fecha de Adquisición Total de Préstamos Signatura Topográfica Código de Barras Última vez visto Ejemplar/Existencia Fecha de Remplazo Tipo de Material
        Colección General   Biblioteca FUSBC Biblioteca FUSBC 12/10/2004   G 173 M1351p 702 12/12/2019 1 26/01/2016 Libros General
        Colección General   Biblioteca FUSBC Biblioteca FUSBC 12/10/2004   G 173 M1351p 703 12/12/2019 2 26/01/2016 Libros General

Biblioteca FUSBC | Teléfono: (57+4) 349 88 10 Ext. 141| WhatsApp (+57) 3005338115 
E-mail: biblioteca@unisbc.edu.co | Calle 76 87-14 Robledo Palenque, Medellín, Colombia

Con tecnología Koha